000 00718nam a2200241 4500
003 OSt
005 20260530115313.0
008 260507b2006 |||||||| |||| 00| 0 eng d
020 _a9789685208765
040 _aICI
_bspa
_cICI
041 _aspa
050 _aNK2014.Z9
_bF373
245 1 0 _aEzequiel Farca /
_ctextos Juli Capella, Emiliano Gody ; traducción al inglés, Gregory Dechant
264 1 _aMéxico
_bRM,
_c2006
300 _a317 páginas
336 _atexto
_2rdacontent
337 _asin medio
_2rdamedia
338 _avolumen
_2rdacarrier
600 _aFarca, Ezequiel
_933056
650 4 _aDecoración de interiores
_zMéxico
_920068
700 _aGarcés, Isabel
_eCoor.
_933057
942 _2lcc
_cBK
_n1
999 _c13434
_d13434